Visualizzazione normale
Vista MARC
- Denza L.
di Personal Name
Records bibliografici associati: 1
001 - CONTROL NUMBER
- control field: 8339
003 - CONTROL NUMBER IDENTIFIER
- control field: IT-RoPau
005 - DATE AND TIME OF LATEST TRANSACTION
- control field: 20140108171342.0
008 - FIXED-LENGTH DATA ELEMENTS
- fixed length control field: 140108|| aca||aabn | a|a d
040 ## - CATALOGING SOURCE
- Original cataloging agency: IT-RoPau
- Transcribing agency: IT-RoPau
100 ## - HEADING--PERSONAL NAME
- Personal name: Denza L.
- Miscellaneous information: Codice autore musica SPICS: 13907
- Relator term: Autore musica
- Name of part/section of a work: Funiculì funiculà
670 ## - SOURCE DATA FOUND
- Source citation: Work cat.: (IT-RoPau)100152: AA.VV. 794, Wolmer Beltrami e la sua fantastica fisarmonica (Lp 6492035)